000 01031nam a22002897a 4500
003 CHAP
005 20220329135919.0
008 971013s1994 r 00010 d
010 _a44014
011 _a44986
035 _a49125
040 _cCHAP
082 _a334.0972
_bD6
100 0 0 _aDomínguez Carrasco, Juan Gerardo
_ecood.
_933784
245 _aManual de operación para la constitución y funcionamiento de las sociedades cooperativas
260 _aMéxico, D.F. :
_bH. Congreso de la Unión. Cámara de Diputados,
_c1994
300 _a152 p.
590 _aBATCH-UPD
_b10
_c20130110
_lUCH01
_h2234
590 _aBATCH-UPD
_b10
_c20130410
_lUCH01
_h1529
590 _aBATCH-UPD
_b10
_c20130914
_lUCH01
_h1932
590 _aCONVERSION
_b10
_c20130109
_lUCH01
_h1324
650 1 4 _aSociedades cooperativas
_xColima.
_9108124
901 _aBK
942 _cLIBRO
949 _a334.0972 D6
_bBC
_cLIBRO
_d33724000008447
_eLIBRO
_h89326
_i49125
_mD
_si
949 _a334.0972 D6
_bBC
_cLIBRO
_d33724000008454
_eLIBRO
_fc.2
_h89327
_i49125
_mD
_si
999 _c44014
_d44014